000 01327nam a2200325 a 4500
001 ebr10161036
003 CaPaEBR
006 m u
007 cr cn|||||||||
008 080905s2007 enka sb 001 0 eng d
020 _z9781841501451
020 _z9781841509570 (Electronic)
040 _aCaPaEBR
_cCaPaEBR
035 _a(OCoLC)567976010
043 _ae-uk---
050 1 4 _aN185
_b.P76 2007eb
245 0 4 _aThe problem of assessment in art and design
_h[electronic resource] /
_cedited by Trevor Rayment.
260 _aBristol :
_bIntellect,
_c2007.
300 _a124 p. :
_bill.
490 1 _aReadings in art & design education series,
_x1474-6208 ;
_vv. 4
504 _aIncludes bibliographical references and index.
533 _aElectronic reproduction.
_bPalo Alto, Calif. :
_cebrary,
_d2013.
_nAvailable via World Wide Web.
_nAccess may be limited to ebrary affiliated libraries.
650 0 _aArt
_xStudy and teaching
_zGreat Britain.
650 0 _aDesign
_xStudy and teaching
_zGreat Britain.
655 7 _aElectronic books.
_2local
700 1 _aRayment, Trevor.
710 2 _aebrary, Inc.
830 0 _aReadings in art and design education series ;
_vv. 4.
856 4 0 _uhttp://site.ebrary.com/lib/rucke/Doc?id=10161036
_zAn electronic book accessible through the World Wide Web; click to view
999 _c132486
_d132486